Mecánica de fluidos: una introducción física
Uloženo v:
| Hlavní autor: | |
|---|---|
| Médium: | Kniha |
| Jazyk: | španělština |
| Vydáno: |
Ciudad de México
Alfaomega
2003
|
| Vydání: | 1a. ed |
| Témata: | |
| Tagy: |
Přidat tag
Žádné tagy, Buďte první, kdo vytvoří štítek k tomuto záznamu!
|
MARC
| LEADER | 00000nam a2200000 a 4500 | ||
|---|---|---|---|
| 001 | UCJ9628 | ||
| 003 | CL-VaPUC | ||
| 008 | 070330e20030000MX |||||||||||||||||spa|d | ||
| 020 | |a 9701507843 | ||
| 082 | 0 | 4 | |a 532 |b SMI |2 21 |
| 100 | 0 | |a Smits, Alexander J |e author |9 519606 | |
| 245 | 1 | 0 | |a Mecánica de fluidos: una introducción física |
| 250 | |a 1a. ed | ||
| 300 | |a 568 p | ||
| 942 | |c BK | ||
| 945 | |d 20070330 00:00:00 |a cmena | ||
| 260 | |a Ciudad de México |b Alfaomega |c 2003 | ||
| 650 | 0 | |a Mecánica de fluidos |9 259464 | |
| 650 | 0 | |a Estática de fluidos |9 375305 | |
| 650 | 0 | |a Modelos matemáticos |9 259437 | |
| 650 | 0 | |a Análisis dimensional |9 375307 | |
| 650 | 7 | |a TURBOMAQUINARIA |2 CL-VaPUC |9 336932 | |
| 583 | |a last modification |c 20070330 00:00:00 |k Rodrigo Vera | ||
| 999 | |c 325049 |d 325047 | ||
| 952 | |0 0 |1 0 |4 0 |6 532_000000000000000_SMI_2003 |7 0 |8 A |9 405502 |a BIBCUR |b BIBCUR |d 2019-11-22 |i 4326326 |l 13 |m 1 |o 532 SMI 2003 |p 4326326 |r 2025-04-22 |s 2024-07-15 |w 2019-11-22 |y BK |k FIS | ||
| 952 | |0 0 |1 0 |4 0 |6 532_000000000000000_SMI_2003 |7 0 |8 A |9 405503 |a BIBCUR |b BIBCUR |d 2019-11-22 |i 4326334 |l 3 |m 1 |o 532 SMI 2003 |p 4326334 |r 2025-04-22 |s 2023-06-06 |w 2019-11-22 |y BK |k FIS | ||
| 952 | |0 0 |1 0 |4 0 |6 532_000000000000000_SMI_2003 |7 0 |8 A |9 405504 |a BIBCUR |b BIBCUR |d 2019-11-22 |i 4326342 |l 9 |m 1 |o 532 SMI 2003 |p 4326342 |r 2025-04-22 |s 2023-06-06 |w 2019-11-22 |y BK |k FIS | ||
| 952 | |0 0 |1 0 |4 0 |6 532_000000000000000_SMI_2003 |7 0 |8 A |9 405505 |a BIBCUR |b BIBCUR |d 2019-11-22 |i 4326350 |l 4 |m 3 |o 532 SMI 2003 |p 4326350 |r 2025-04-22 |s 2024-06-04 |w 2019-11-22 |y BK |k FIS | ||
| 952 | |0 0 |1 0 |4 0 |6 532_000000000000000_SMI_2003 |7 0 |8 A |9 405506 |a BIBCUR |b BIBCUR |d 2019-11-22 |i 4326369 |l 7 |m 2 |o 532 SMI 2003 |p 4326369 |r 2025-04-22 |s 2024-06-10 |w 2019-11-22 |y BK |k FIS | ||
| 952 | |0 0 |1 0 |4 0 |6 532_000000000000000_SMI_2003 |7 0 |8 A |9 405507 |a BIBMEC |b BIBMEC |d 2019-11-22 |i 4507290 |o 532 SMI 2003 |p 4507290 |r 2024-01-19 |w 2019-11-22 |y BK |k MEC | ||